000 00675nam a2200205Ia 4500
003 GCL
008 140319s9999 xx 000 0 ara d
040 _aGCL /
_cGCL
082 0 4 _a189.1
_bع م
100 1 _aمحمد عاطف العراقى
245 1 0 _aالمنهج النقدى فى فلسفة ابن رشد /
_cمحمد عاطف العراقى
260 _a[S.N] :
_bدار المعارف ،
_c1984
300 _a305 ص
490 _aسلسلة العقل والتجديد
_v0
650 0 4 _aالفلاسفة المسلمون
650 0 4 _aالفلاسفة
650 0 4 _aالفلاسفة العرب
650 0 4 _aالنقدية ( فلسفة )
942 _2ddc
_cBK
999 _c59004
_d59004